| 000 | 00634nam a2200157Ia 4500 | ||
|---|---|---|---|
| 005 | 20240603234153.0 | ||
| 008 | 240331s9999 xx 000 0 und d | ||
| 020 | _a9718605169 | ||
| 082 |
_bBRA _a362 |
||
| 100 | _aAzcuna,C. ed | ||
| 245 | 0 |
_aBrave little women : _ba study on incest |
|
| 260 |
_aManila _bInstitute of Women's Education _c1995 |
||
| 300 | _a62 p., | ||
| 500 | _aBrave Little Women is a joint project of the Inter-Institutional Consortium of: De La Salle University, Philippine Normal University, St.Pauls' College and St.Scholastica's with the support of the Board for Christian Higher Education in Asia. | ||
| 942 | _cL | ||
| 999 |
_c2928 _d2928 |
||